Inmigración internacional en Chile: un proceso de transculturación permanente

Salvato in:
Dettagli Bibliografici
Autore principale: Estrada Turra, Baldomero (compilador)
Natura: Libro
Lingua:spagnolo
Pubblicazione: Viña del Mar, Chile: Diehgo Impresores, 2013.
Edizione:Primera edición.
Soggetti:
Tags: Aggiungi Tag
Nessun Tag, puoi essere il primo ad aggiungerne!!

MARC

LEADER 00000cam a2200000 a 4500
001 UCD2722
003 CL-VaPUC
005 20231212181211.0
008 160505e20130300cl |||||||||||||||||spa|d
999 |c 363843  |d 363841 
040 |c Pontificia Universidad Católica de Valparaíso 
082 0 4 |a 983.255  |b EST  |2 21 
100 |a Estrada Turra, Baldomero  |e compilador  |9 621876 
245 1 0 |a Inmigración internacional en Chile: un proceso de transculturación permanente 
250 |a Primera edición.  
260 |a Viña del Mar, Chile:   |b Diehgo Impresores,  |c 2013. 
300 |a 182 páginas.  
500 |a c.3. Donación Sr. Claudio Elórtegui / julio 2022.  
583 |a last modification  |c 20160505 16:04:00  |k Rodrigo Vera 
650 7 |a MIGRACION E INMIGRACION  |2 CL-VaPUC  |9 586080 
650 0 |a Historia de Chile  |9 265473 
650 7 |a PERUANOS  |2 CL-VaPUC  |9 586081 
650 0 |a Alemanes en Chile   |9 465585 
650 7 |a FRANCESES EN CHILE  |2 CL-VaPUC  |9 577386 
650 7 |a ITALIANOS EN CHILE  |2 CL-VaPUC  |9 444935 
942 |c BK  |2 ddc 
945 |d 20160505 16:04:00  |a arojas 
952 |0 0  |1 0  |3 erb  |4 0  |6 983_255000000000000_EST_2013  |7 0  |8 X  |9 476661  |a FDOBUD  |b FDOBUD  |i 5303125  |o 983.255 EST 2013  |p 5303125  |r 2019-11-24  |w 2019-11-24  |y BK_X  |z Catalogado en:20160505  |k FHP 
952 |0 0  |1 0  |3 erb  |4 0  |6 983_255000000000000_EST_2013  |7 0  |8 A  |9 476662  |a BIBGIM  |b BIBGIM  |i 5434823  |o 983.255 EST 2013  |p 5434823  |r 2025-01-15  |w 2019-11-24  |y BK  |z Catalogado en:20171111  |k SSL 
952 |0 0  |1 0  |3 erb  |4 0  |6 983_255000000000000_EST_2013  |7 0  |8 A  |9 476663  |a BIBGIM  |b BIBGIM  |i 5434815  |o 983.255 EST 2013  |p 5434815  |r 2025-01-15  |w 2019-11-24  |y BK  |z Catalogado en:20171111  |k SSL 
952 |0 0  |1 0  |2 ddc  |4 0  |6 983_255000000000000_EST_2013  |7 0  |8 A  |9 587544  |a BIBHIS  |b BIBHIS  |c GEN  |d 2022-11-03  |e Donación   |i 5655376  |l 2  |o 983.255 EST 2013  |p 5655376  |r 2025-01-20  |s 2023-03-02  |t 3  |w 2022-11-03  |y BK  |k HIS